Religion séculière et spiritualité panenthéiste (notice n° 1650673)

détails MARC
000 -LEADER
fixed length control field 01387cam a2200217 4500500
005 - DATE AND TIME OF LATEST TRANSACTION
control field 20260208005124.0
041 ## - LANGUAGE CODE
Language code of text/sound track or separate title fre
042 ## - AUTHENTICATION CODE
Authentication code dc
100 10 - MAIN ENTRY--PERSONAL NAME
Personal name Narvaez, Auréliane
Relator term author
245 00 - TITLE STATEMENT
Title Religion séculière et spiritualité panenthéiste
260 ## - PUBLICATION, DISTRIBUTION, ETC.
Date of publication, distribution, etc. 2019.<br/>
500 ## - GENERAL NOTE
General note 54
520 ## - SUMMARY, ETC.
Summary, etc. While historians of the early American republic have long argued that deism disappeared at the turn of the eighteenth and nineteenth centuries, this study intends to explore the resilience of a deistic form of free thought as it appears through the spiritual belief system of the communities of the Society for Universal Inquiry and Reform. Highly critical of the American society – which they considered plagued by many evils – these communities advocated a radical refashioning of the social, political and economic structures but sought above all a spiritual regeneration of man by forging a secular religion suffused with panentheistic undertones as the only path to practical happiness.
690 ## - LOCAL SUBJECT ADDED ENTRY--TOPICAL TERM (OCLC, RLIN)
Topical term or geographic name as entry element communautés utopiques
690 ## - LOCAL SUBJECT ADDED ENTRY--TOPICAL TERM (OCLC, RLIN)
Topical term or geographic name as entry element déisme
690 ## - LOCAL SUBJECT ADDED ENTRY--TOPICAL TERM (OCLC, RLIN)
Topical term or geographic name as entry element infidélité religieuse
690 ## - LOCAL SUBJECT ADDED ENTRY--TOPICAL TERM (OCLC, RLIN)
Topical term or geographic name as entry element libre pensée
690 ## - LOCAL SUBJECT ADDED ENTRY--TOPICAL TERM (OCLC, RLIN)
Topical term or geographic name as entry element panenthéisme
786 0# - DATA SOURCE ENTRY
Note Revue française d’études américaines | 157 | 4 | 2019-02-15 | p. 34-57 | 0397-7870
856 41 - ELECTRONIC LOCATION AND ACCESS
Uniform Resource Identifier <a href="https://shs.cairn.info/revue-francaise-d-etudes-americaines-2018-4-page-34?lang=fr&redirect-ssocas=7080">https://shs.cairn.info/revue-francaise-d-etudes-americaines-2018-4-page-34?lang=fr&redirect-ssocas=7080</a>

Pas d'exemplaire disponible.

PLUDOC

PLUDOC est la plateforme unique et centralisée de gestion des bibliothèques physiques et numériques de Guinée administré par le CEDUST. Elle est la plus grande base de données de ressources documentaires pour les Étudiants, Enseignants chercheurs et Chercheurs de Guinée.

Adresse

627 919 101/664 919 101

25 boulevard du commerce
Kaloum, Conakry, Guinée

Réseaux sociaux

Powered by Netsen Group @ 2025